000 00317nam a22001217a 4500
008 160426b xxu||||| |||| 00| 0 eng d
020 _a9780763731830
020 _a0763731838
041 _aeng
080 _a618.2
245 _aHolistic nursing:
_cBarbara Montgomery; Lynn Keegan; Cathie E. Guzzetta;
942 _2udc
_cBK
999 _c1602
_d1602